000 00550pam a2200181 a 4500
001 2525917
005 20250204112650.0
008 931210s1994 paua b 001 0 eng
020 _a9780721675886
050 0 0 _aRC966
_b.R64 1994
082 0 0 _a610.73/46
_220
100 1 _aRogers, Bonnie
_q(Bonnie M. E.)
245 1 0 _aOccupational health nursing :
_bconcepts and practice /
_cBonnie Rogers.
260 _aPhiladelphia :
_bW.B. Saunders Co.,
_cc1994.
300 _axvi, 527 p. :
_bill. ;
_c27 cm.
650 0 _aIndustrial nursing.
942 _2lcc
_cBK
_n0
999 _c3413
_d3413